000 00325nam a22001217a 4500
082 _a901.9
_bDUR
100 _aDurant, Ariel
_924996
245 _athe lessons of history
_bthe art of war
260 _aRawalpindi,
_bPAF service clun,
_c1968.
300 _a82p.
526 _a0
_b0
_c0
_d901_900000000000000_DUR
942 _2ddc
_cBK
999 _c553643
_d553643